006430000a22001930004500003001100000005001700011008004100028020001500069040003900084041000800123082001500131100002400146245008000170260003600250300007000286650002400356650003100380650003800411LK-CoMWRAF20231030102746.0230817t1986 ||||| |||| 00| 0 eng d a0905838971 aLK-CoMWRAFdLK-CoMWRAFeLK-CoMWRAF aeng a929.2bGOO aGooneratne, Yasmine aRelative Merits:bA Personal Memoir of the Bandaranaike Family of Sri Lanka aLondon:bHurst & Company,c1986 aviii, 270 p., [16] p. of plates : ports. ; 23 cm.bIndex included aBANDARANAIKE FAMILY aFamily histories-Sri Lanka aPolitics and government-Sri Lanka